000 00303nam a2200133 i 4500
001 bg
100 1 _aPRZYGOŃSKI, Antoni
245 0 _aAlfred Lampe /
_cAntoni Przygoński.
260 _aWarszawa,
_c1976.
040 _cBPK
041 _apol
942 _cKS
008 s pl f |000 0 pol
999 _c26962
_d26962
856 _uhttp://koha.tu.koszalin.pl/cgi-bin/koha/opac-detail.pl?biblionumber=26962
_yKatalog online BPK